Arquitectura actual edificios de apartamentos / (Registro nro. 9745)
[ vista simple ]
| 000 -LEADER | |
|---|---|
| Campo de control de longitud fija | 01287nam a22003017a 4500 |
| 003 - IDENTIFICADOR DEL NÚMERO DE CONTROL | |
| Campo de control | PE SENCICO BE |
| 005 - FECHA Y HORA DE LA ÚLTIMA TRANSACCIÓN | |
| Campo de control | 20260224152804.0 |
| 008 - ELEMENTOS DE LONGITUD FIJA - INFORMACIÓN GENERAL | |
| Campo de control de longitud fija | 251112b |||||||| |||| 00| 0 eng d |
| 017 ## - NÚMERO DEL REGISTRO DE DERECHOS DE AUTOR O DEL DEPÓSITO LEGAL | |
| Número de registro de Derechos de Autor o Depósito Legal | B-49. 165-2007 |
| 020 ## - ISBN | |
| ISBN | 978-84-96429-94-9 |
| 040 ## - FUENTE DE CATALOGACIÓN | |
| Origen de catalogación | PE SENCICO BE |
| Agencia que realiza la transcripción | PE SENCICO BE |
| 041 ## - CÓDIGO DE IDIOMA | |
| Idioma del texto | spa |
| 082 ## - NÚMERO DE CLASIFICACIÓN DECIMAL DEWEY | |
| Código de Clasificación Dewey | 728 |
| Notación Interna | I5 |
| 110 1# - ASIENTO PRINCIPAL--NOMBRE CORPORATIVO | |
| Autor Corporativo | Instituto Monsa de Ediciones |
| 9 (RLIN) | 21 |
| Término Relacionado | autor |
| 245 1# - MENCIÓN DEL TITULO | |
| Título | Arquitectura actual edificios de apartamentos / |
| Mención de responsabilidad | Instituto Monsa de Ediciones |
| 250 ## - MENCIÓN DE EDICIÓN | |
| Edición | [1a ed.] |
| 260 ## - PUBLICACIÓN, DISTRIBUCIÓN, ETC. (PIE DE IMPRENTA) | |
| Lugar de publicación, distribución, etc. | sin lugar : |
| Nombre de la Editorial, Distribuidor, etc. | Instituto Monsa de Ediciones, |
| Fecha de publicación, distribución, etc. | 2007 |
| 300 ## - DESCRIPCIÓN FÍSICA | |
| Paginación | 239 páginas : |
| Otros detalles físicos | Ilustraciones a color, planos ; |
| Dimensión | 31.5 cm. |
| 505 0# - NOTA DE CONTENIDO CON FORMATO PREESTABLECIDOE | |
| Contenido o índice | Apartamentos en la calle Mozart -- Apartamentos en Suiza -- Kaiplast -- Edificio Residencial en Londres -- Bloque de viviendas en Rue Pelleport |
| 520 3# - NOTA DE RESUMEN, ETC. | |
| Resumen, etc. | Ilustran las últimas tendencias en vivienda colectiva, tanto los proyectos de vivienda vertical convencional como los destinados a grupos específicos comparten un espíritu común. |
| 650 10 - ASIENTO SECUNDARIO DE MATERIA - TERMINO TEMÁTICO | |
| Término de tema o elemento de entrada de nombre geográfico | Viviendas multifamiliares |
| 9 (RLIN) | 389 |
| 650 20 - ASIENTO SECUNDARIO DE MATERIA - TERMINO TEMÁTICO | |
| Término de tema o elemento de entrada de nombre geográfico | Apartamentos |
| 9 (RLIN) | 402 |
| 650 20 - ASIENTO SECUNDARIO DE MATERIA - TERMINO TEMÁTICO | |
| Término de tema o elemento de entrada de nombre geográfico | Tecnología de la construcción |
| 9 (RLIN) | 403 |
| 650 20 - ASIENTO SECUNDARIO DE MATERIA - TERMINO TEMÁTICO | |
| Término de tema o elemento de entrada de nombre geográfico | Distribución de espacios (viviendas) |
| 9 (RLIN) | 395 |
| 650 20 - ASIENTO SECUNDARIO DE MATERIA - TERMINO TEMÁTICO | |
| Término de tema o elemento de entrada de nombre geográfico | Diseño arquitectónico |
| 9 (RLIN) | 316 |
| 910 ## - RESPONSABLE DEL REGISTRO | |
| Coordinador de procesamiento de la información | hfp |
| 942 ## - ELEMENTOS DE KOHA | |
| Fuente de clasificación o esquema de estanterías | Dewey Decimal Classification |
| Tipo de documento | Libros |
| 999 ## - | |
| -- | 9745 |
| -- | 9745 |
| Estado Retiro | Estado Perdido | Sistema de Clasificación o Esquema de Estantería | Estado Dañado | No es para préstamo | Ubicación Permanente | Ubicación Actual | Fecha de adquisición | Total Checkouts | Signatura topográfica completa | Código de Barras | Date last seen | Precio efectivo desde | Tipo de ítem |
|---|---|---|---|---|---|---|---|---|---|---|---|---|---|
| Dewey Decimal Classification | Biblioteca Arequipa | Biblioteca Arequipa | 12/11/2025 | 728/I5 | BibZareq25112543 | 12/11/2025 | 12/11/2025 | Libros |